000 00879cab a22002175a 4500
001 L144500
008 070926e20080718xxkd f s 000 0 eng d
035 _a(Sirsi) u144500
041 0 _aeng
100 1 _aGibbs, Thom
245 0 0 _aRun!
260 _c2008
490 0 _aBuilding
_v273(8538) 18 July 2008, 58-60(3)
520 _aDiscusses results from the 2008 "Hays Construction and Property international salary guide 2008", which reveals that salaries could be higher overseas. Salary tables show average pay for project managers, quantity surveyors, architects, civil and structural engineers. Salaries are presented country by country.
590 _aKA
650 2 4 _aHAYS CONSTRUCTION/BUILDING CONTRACTORS' SALARIES GUIDE
651 4 _aUnited Kingdom
_y
651 4 _aInternational
690 _aCAREERS, EDUCATION AND TRAINING-SURVEYING APPOINTMENTS
942 _n0
999 _c80497
_d80497